000 00826nam a2200253Ia 4500
003 OSt
005 20220930073010.0
006 a|||||r|||| 00| 0
007 ta
008 220926b |||||||| |||| 00| 0 eng d
024 _a25824
037 _cTheses
040 _aCRL
_cCRL
_beng
041 _2eng
_aeng
100 _aGhosh Abhik
_925601
110 _aUniversity of Delhi. Faculty of Science. Department of Anthropology
_9144926
245 0 _aOraon symbols
_b A study of their Worldviews in time and space in Chotanagpur (Bihar)
260 _c1998
650 _aANTHROPOLOGY
700 _a Bhattacharya D.K. Supervisor
_9530878
700 _aUniversity of Delhi. Faculty of Science. Department of Anthropology
_9144928
942 _cDIS
_2CC
999 _c864550
_d864550